[Event "49th WJun"]
[Site "Chotowa POL"]
[Date "2010.08.03"]
[Round "1"]
[White "Narmontas,M"]
[Black "Andreikin,D"]
[Result "0-1"]
[WhiteElo "2379"]
[BlackElo "2650"]
[EventDate "2010.08.03"]

1. Nf3 c5 2. e4 e6 3. d4 cxd4 4. Nxd4 a6 5. c4 Nf6 6. Nc3 Bb4 7. Qd3 d5 8.
cxd5 exd5 9. exd5 O-O 10. Be2 Nxd5 11. O-O Nxc3 12. bxc3 Bd6 13. Rd1 Qc7
14. g3 Be5 15. Ba3 Re8 16. Bf3 Nd7 17. Rab1 Bf6 18. Qc2 Ne5 19. Be4 g6 20.
Bc1 Bg4 21. f3 Bc8 22. Bf4 Rb8 23. Qb3 b5 24. Kg2 Bd7 25. Bd5 Re7 26. Re1
Rbe8 27. Re3 Kg7 28. Rbe1 Qc5 29. Be4 Nc4 30. Rd3 Bg5 31. Bxg5 Qxg5 32. h4
Qc5 33. Nc2 f5 34. Red1 fxe4 35. Rxd7 exf3+ 36. Kf1 Qf5 37. Rxe7+ 0-1

[Event "49th WJun"]
[Site "Chotowa POL"]
[Date "2010.08.03"]
[Round "1"]
[White "Hammer,J"]
[Black "Krzyzanowski,M"]
[Result "1/2-1/2"]
[WhiteElo "2636"]
[BlackElo "2377"]
[EventDate "2010.08.03"]

1. d4 Nf6 2. c4 d6 3. Nf3 g6 4. Nc3 Bf5 5. h3 h5 6. Ng5 Bd7 7. g3 Bg7 8. e4
e5 9. dxe5 dxe5 10. Be3 O-O 11. Bg2 Nh7 12. Nf3 Qc8 13. Qc2 Re8 14. a3 Nf8
15. Rd1 Nc6 16. b4 Ne6 17. Ne2 Ne7 18. O-O f5 19. exf5 Nxf5 20. g4 hxg4 21.
hxg4 Ne7 22. Nh4 Nf8 23. f3 Be6 24. Ng3 Bf7 25. Rf2 Ne6 26. Bf1 Nf4 27. Ne4
Ne6 28. c5 Rd8 29. Rxd8+ Qxd8 30. Rd2 Nd5 31. Ng2 Nd4 32. Bxd4 exd4 33. c6
bxc6 34. Qxc6 Qe8 35. Qc5 Rd8 36. Bc4 Qe5 37. Qxa7 Nb6 38. Bxf7+ Kxf7 39.
Qa6 Rh8 40. Qd3 Rh3 41. Rc2 Nd5 42. Qb3 Kf8 43. Nf2 Qh2+ 44. Kf1 Ne3+ 45.
Nxe3 Rxf3 46. Qe6 Be5 47. Qc8+ Kg7 48. Qd7+ Kf8 49. Qd8+ Kg7 50. Qe7+ Kh8
51. Ng2 d3 52. Qd8+ Kh7 53. Qxd3 Rxd3 54. Nxd3 Qh1+ 55. Kf2 Qd1 56. Nge1
Qxg4 57. Nxe5 Qd4+ 58. Kg2 Qxe5 59. Nf3 Qf4 60. Rc5 Kh6 61. Kf2 Kg7 62. Kg2
Kh6 63. Kf2 Kg7 1/2-1/2

[Event "49th WJun"]
[Site "Chotowa POL"]
[Date "2010.08.03"]
[Round "1"]
[White "Salgado Lopez,I"]
[Black "Dimitrov,Pa"]
[Result "1-0"]
[WhiteElo "2607"]
[BlackElo "2365"]
[EventDate "2010.08.03"]

1. d4 Nf6 2. c4 e5 3. dxe5 Ng4 4. e3 Nxe5 5. Nc3 Bb4 6. Bd2 Nbc6 7. a3 Bxc3
8. Bxc3 O-O 9. Nh3 d6 10. Nf4 Bg4 11. Be2 Bxe2 12. Qxe2 a5 13. O-O a4 14.
Rad1 Qh4 15. Nd5 Qxc4 16. Qh5 f5 17. f4 Nd7 18. Rf3 Rf7 19. Rg3 Ne7 20.
Bxg7 Rxg7 21. Nxe7+ Kh8 22. Rxg7 Kxg7 23. Nxf5+ Kh8 24. Nd4 Rg8 25. Qb5 Nb6
26. Qf5 Nd5 27. g3 Qc5 28. Kf2 c6 29. e4 Nb6 30. Qf6+ Rg7 31. Kg2 Qh5 32.
Re1 Qf7 33. Qd8+ Rg8 34. Qxb6 Qxf4 35. Nf5 Qd2+ 36. Qf2 Qd3 37. Qd4+ Qxd4
38. Nxd4 Re8 39. Kf3 Re5 40. Nf5 Rb5 41. Re2 Rb3+ 42. Kf4 Rd3 43. e5 dxe5+
44. Kxe5 h5 45. Kf6 Kh7 46. Re7+ Kh8 47. Rxb7 Rd2 48. Kg6 1-0

[Event "49th WJun"]
[Site "Chotowa POL"]
[Date "2010.08.03"]
[Round "1"]
[White "Arenas,D"]
[Black "Matlakov,M"]
[Result "0-1"]
[WhiteElo "2364"]
[BlackElo "2603"]
[EventDate "2010.08.03"]

1. e4 e5 2. Nf3 Nc6 3. Bb5 Nf6 4. O-O Nxe4 5. d4 Nd6 6. Bxc6 dxc6 7. dxe5
Nf5 8. Qxd8+ Kxd8 9. Nc3 h6 10. h3 Bd7 11. b3 Ne7 12. Bb2 Kc8 13. Rad1 c5
14. Rd2 b6 15. Rfd1 Be6 16. Rd8+ Kb7 17. Rxa8 Kxa8 18. Ne2 Ng6 19. Rd8+ Kb7
20. g4 Rh7 21. Nh2 Be7 22. Rd1 Bg5 23. Nf3 Kc6 24. Nxg5 hxg5 25. Kg2 Bd5+
26. Kg3 Nf4 27. Nxf4 gxf4+ 28. Kxf4 Rxh3 29. Rd3 Rh2 30. Rd2 Be6 31. Bc3 a5
32. f3 Rh1 33. Rg2 a4 34. Ke3 a3 35. Re2 b5 36. Be1 Rf1 37. Bc3 Bd5 38. Rf2
Rg1 39. e6 Bxe6 40. Bxg7 b4 41. c4 bxc3 42. Bxc3 Kb5 43. Be5 c6 44. Rc2 c4
45. bxc4+ Bxc4 46. Bc3 Bd5 47. Kf2 Rh1 48. Be5 c5 49. g5 Rh3 50. Bg3 c4 51.
Kg2 Rh5 52. Bf4 Rh4 53. Bd6 Rd4 54. Rc3 Bxf3+ 55. Kxf3 Rxd6 56. Rxa3 Rd7
57. Ra8 Kb4 58. Ke2 Kc3 59. a4 Rd5 60. a5 Rxg5 61. a6 Re5+ 62. Kd1 Re6 63.
Ra7 f5 64. Ra8 f4 65. Ra7 f3 66. Rf7 Rxa6 67. Rxf3+ Kb2 68. Rf4 Rd6+ 0-1

[Event "49th WJun"]
[Site "Chotowa POL"]
[Date "2010.08.03"]
[Round "1"]
[White "Safarli,E"]
[Black "Lomsadze,D"]
[Result "1/2-1/2"]
[WhiteElo "2603"]
[BlackElo "2364"]
[EventDate "2010.08.03"]

1. e4 g6 2. d4 Bg7 3. Nc3 c6 4. Nf3 d6 5. Be3 Qb6 6. Rb1 Qc7 7. h3 Nf6 8.
e5 Nd5 9. Nxd5 cxd5 10. Bf4 O-O 11. exd6 exd6 12. Bd3 Re8+ 13. Be3 Qa5+ 14.
b4 Qc7 15. O-O Nd7 16. Qd2 Nb6 17. Bh6 Nc4 18. Qf4 Be6 19. h4 Bxh6 20. Qxh6
Bg4 21. Qf4 Be6 22. Qh6 Bg4 23. Nh2 Qd7 24. Rbe1 Bf5 25. h5 Na3 26. Nf3
Rxe1 27. Rxe1 Nxc2 28. hxg6 hxg6 29. Bxf5 Qxf5 30. Re2 g5 31. Qxd6 Nxd4 32.
Re5 Qb1+ 33. Kh2 Qh7+ 34. Kg1 Qb1+ 35. Ne1 Ne6 36. g3 Rc8 37. Qxd5 Qxb4 38.
Rxe6 fxe6 39. Qxe6+ Kg7 40. Qd7+ Kf6 41. Nd3 Qc4 42. a3 Qe6 43. Qxb7 Kg6
44. Ne5+ Qxe5 45. Qxc8 Qa1+ 46. Kg2 Qxa3 47. Qe6+ Kg7 48. Qe5+ Kg6 49. g4
Qf8 50. Qe4+ Kh6 51. Qe6+ Kg7 52. Qe3 Qa8+ 53. Qe4 Qf8 54. Qe3 Qa8+ 55. f3
Kf6 56. Qc3+ Ke6 57. Qe1+ Kf7 58. Qa5 Ke6 59. Qf5+ Kd6 60. Qf6+ Kd7 61.
Qxg5 a5 62. Qb5+ Ke6 63. Qf5+ Kd6 64. Qf6+ Kd7 65. g5 Qd5 66. g6 a4 67. g7
a3 68. Kg3 a2 69. f4 Qb3+ 70. Kh4 Qd5 71. Kg3 Qb3+ 72. Kh4 Qd5 73. Kg3
1/2-1/2

[Event "49th WJun"]
[Site "Chotowa POL"]
[Date "2010.08.03"]
[Round "1"]
[White "Pavlidis,Ana"]
[Black "Saric,Iv"]
[Result "1/2-1/2"]
[WhiteElo "2359"]
[BlackElo "2584"]
[EventDate "2010.08.03"]

1. d4 d5 2. c4 c6 3. Nf3 Nf6 4. e3 Bg4 5. Nc3 Bh5 6. h3 e6 7. Bd3 Nbd7 8.
O-O Bb4 9. a3 Bxc3 10. bxc3 Ne4 11. cxd5 exd5 12. Qb3 Bxf3 13. gxf3 Ng5 14.
Kg2 b6 15. h4 Ne6 16. Rh1 O-O 17. Qc2 Nf6 18. h5 c5 19. dxc5 bxc5 20. c4
Qd7 21. h6 g6 22. cxd5 Nxd5 23. Bc4 Rad8 24. Rb1 Nb6 25. Bb5 Qd5 26. a4 Rd6
27. a5 Qg5+ 28. Kf1 Rfd8 29. Be2 Nd5 30. Rb7 Nb4 31. Qc3 Na2 32. Qc2 Nxc1
33. Qxc1 Rd2 34. Qc3 a6 35. Rb6 Qe7 36. f4 Rxe2 37. Kxe2 Nxf4+ 38. Kf3 Ne6
39. Qb2 c4 40. Rc1 Qh4 41. Rxe6 Qh3+ 42. Ke2 Qh5+ 43. Kf1 Qh1+ 1/2-1/2

[Event "49th WJun"]
[Site "Chotowa POL"]
[Date "2010.08.03"]
[Round "1"]
[White "Spoelman,W"]
[Black "Platzgummer,F"]
[Result "1-0"]
[WhiteElo "2580"]
[BlackElo "2351"]
[EventDate "2010.08.03"]

1. d4 d5 2. c4 c6 3. Nf3 Nf6 4. e3 Bf5 5. Nc3 e6 6. Nh4 Be4 7. f3 Bg6 8.
Qb3 Qc7 9. cxd5 exd5 10. Bd2 Nbd7 11. O-O-O Qb6 12. Nxg6 Qxb3 13. axb3 hxg6
14. e4 Bb4 15. e5 Ng8 16. g4 Nf8 17. Be3 Ne6 18. h4 Ne7 19. Bd3 f5 20. Ne2
Rf8 21. f4 Kd7 22. h5 gxh5 23. Rxh5 g6 24. Rh7 Rac8 25. gxf5 gxf5 26. Bd2
Bxd2+ 27. Kxd2 Kd8 28. Rdh1 c5 29. R1h6 Rc6 30. Rf6 Rg8 31. Rff7 Rc7 32.
dxc5 Nxc5 33. Bxf5 Nxb3+ 34. Ke1 d4 35. Be6 Nc5 36. Nxd4 Nd3+ 37. Ke2 Nxf4+
38. Rxf4 Ng6 39. Bxg8 Nxf4+ 40. Ke3 1-0

[Event "49th WJun"]
[Site "Chotowa POL"]
[Date "2010.08.03"]
[Round "1"]
[White "Anton,T"]
[Black "Cordova,E"]
[Result "0-1"]
[WhiteElo "2350"]
[BlackElo "2560"]
[EventDate "2010.08.03"]

1. d4 Nf6 2. c4 e6 3. Nc3 Bb4 4. Nf3 b6 5. Bg5 Bb7 6. Nd2 h6 7. Bh4 Bxc3 8.
bxc3 d6 9. f3 Qe7 10. Qa4+ Nbd7 11. e4 O-O 12. Bd3 c5 13. O-O cxd4 14. cxd4
e5 15. Nb3 Rfc8 16. Qa3 Qf8 17. Qb2 Nh5 18. Rfe1 Nf4 19. Bf1 a5 20. Bf2 a4
21. Nd2 a3 22. Qb4 exd4 23. Bxd4 Nc5 24. Bxc5 dxc5 25. Qxb6 Bc6 26. Qb3 Qe7
27. Qe3 Ne6 28. Rac1 Rcb8 29. Rb1 Rb2 30. Rxb2 axb2 31. Rb1 Rxa2 32. Qb3
Ra4 33. Qxb2 Qg5 34. Re1 h5 35. Nb1 h4 36. Nc3 Rb4 37. Qc1 Nf4 38. Kh1 Qf6
39. Nd5 Bxd5 40. cxd5 h3 41. gxh3 Rb2 42. Qxc5 Nd3 43. Qc8+ Kh7 44. Re3
Nf2+ 0-1

[Event "49th WJun"]
[Site "Chotowa POL"]
[Date "2010.08.03"]
[Round "1"]
[White "Nyzhnyk,I"]
[Black "Zhou,Y"]
[Result "1-0"]
[WhiteElo "2543"]
[BlackElo "2348"]
[EventDate "2010.08.03"]

1. e4 c5 2. Nf3 Nc6 3. d4 cxd4 4. Nxd4 Nf6 5. Nc3 e5 6. Ndb5 d6 7. Bg5 a6
8. Na3 b5 9. Bxf6 gxf6 10. Nd5 f5 11. Bd3 Be6 12. c3 Bxd5 13. exd5 Ne7 14.
Nxb5 Bg7 15. Na3 O-O 16. O-O e4 17. Bc2 Rc8 18. Bb3 f4 19. Qg4 Ng6 20. Qf5
Re8 21. Nc4 f3 22. g3 Rxc4 23. Bxc4 Re5 24. Qh3 Rg5 25. Rfe1 f5 26. Bxa6
Ne5 27. Qf1 Qe8 28. Qb5 Qh5 29. Bc8 Bf8 30. Be6+ Kh8 31. Bxf5 Rxf5 32. Rxe4
Ng4 33. h4 Rxd5 34. Qb8 Rf5 35. Rd1 Kg7 36. Qb7+ Rf7 37. Qd5 Ne5 38. a4 Qf5
39. Rf4 Qc2 40. Rxf7+ Nxf7 41. a5 Ne5 42. a6 Qa4 43. Qb7+ Kh6 44. Re1 Qg4
45. Rxe5 dxe5 46. a7 Bc5 47. Qc6+ Kg7 48. Qxc5 Qh3 49. Qxe5+ 1-0

[Event "49th WJun"]
[Site "Chotowa POL"]
[Date "2010.08.03"]
[Round "1"]
[White "Kantans,T"]
[Black "Hovhannisyan,R"]
[Result "1/2-1/2"]
[WhiteElo "2343"]
[BlackElo "2529"]
[EventDate "2010.08.03"]

1. d4 d5 2. c4 c6 3. Nc3 Nf6 4. Nf3 e6 5. e3 Nbd7 6. Be2 Bd6 7. O-O O-O 8.
Qc2 dxc4 9. Bxc4 b5 10. Rd1 Bb7 11. Bd3 Qe7 12. e4 e5 13. Bg5 h6 14. Bh4
Rad8 15. Ne2 Rfe8 16. Rac1 a6 17. a4 Qf8 18. dxe5 Nxe5 19. Bxf6 gxf6 20.
Ng3 Nxd3 21. Rxd3 c5 22. axb5 axb5 23. Rcd1 c4 24. Rd4 Bxg3 25. hxg3 Bxe4
26. Qd2 Rxd4 27. Nxd4 Rd8 28. Qf4 f5 29. Rd2 b4 30. Nxf5 Bxf5 31. Rxd8 Qxd8
32. Qxf5 Qd4 33. Qc2 c3 34. bxc3 Qxc3 35. Qe4 b3 36. Kf1 Qc2 37. Qe8+ Kg7
38. Qe5+ Kh7 39. Qd5 Kg6 40. Qd6+ f6 41. Qd5 Qc1+ 42. Ke2 Qb2+ 43. Kf1 Qa1+
44. Ke2 Qa2+ 45. Kf3 Kg7 1/2-1/2

[Event "49th WJun"]
[Site "Chotowa POL"]
[Date "2010.08.03"]
[Round "1"]
[White "Ter Sahakyan,S"]
[Black "Straka,Jos"]
[Result "1/2-1/2"]
[WhiteElo "2525"]
[BlackElo "2337"]
[EventDate "2010.08.03"]

1. e4 c5 2. Nf3 Nc6 3. d4 cxd4 4. Nxd4 e5 5. Nb5 d6 6. c4 Be7 7. N1c3 a6 8.
Bd3 f5 9. Na3 f4 10. g3 Bg5 11. h4 Bf6 12. Nd5 Nh6 13. Qh5+ Nf7 14. Nc2 Be6
15. Bd2 Rc8 16. Rg1 fxg3 17. fxg3 Bxd5 18. exd5 Qb6 19. Be3 Qa5+ 20. Ke2
Ne7 21. Qf3 e4 22. Qxe4 Ne5 23. Bg5 Bxg5 24. hxg5 Rf8 25. b4 Qa4 26. c5
Nxd3 27. Qxd3 Rf5 28. Ne3 Re5 29. Kf3 1/2-1/2

[Event "49th WJun"]
[Site "Chotowa POL"]
[Date "2010.08.03"]
[Round "1"]
[White "Akkozov,B"]
[Black "Nabaty,T"]
[Result "0-1"]
[WhiteElo "2328"]
[BlackElo "2523"]
[EventDate "2010.08.03"]

1. d4 d5 2. c4 dxc4 3. e3 e5 4. d5 c6 5. Nc3 Nf6 6. dxc6 Qxd1+ 7. Kxd1 Nxc6
8. Bxc4 Bf5 9. a3 Rd8+ 10. Ke1 Na5 11. Bb5+ Nd7 12. e4 Be6 13. Nf3 f6 14.
Nd2 a6 15. Ba4 b5 16. Bc2 Rc8 17. Kd1 Bc5 18. Rf1 Nc4 19. Nd5 Bd4 20. Rb1
Kf7 21. Nf3 Bc5 22. Bd3 Rhe8 23. Ke2 Ba7 24. b3 Nd6 25. Nb4 a5 26. Na2 Nc5
27. Ne1 Nxd3 28. Nxd3 a4 29. Nab4 axb3 30. Nd5 Nxe4 0-1

[Event "49th WJun"]
[Site "Chotowa POL"]
[Date "2010.08.03"]
[Round "1"]
[White "Bindrich,F"]
[Black "Kasyan,A"]
[Result "1-0"]
[WhiteElo "2522"]
[BlackElo "2326"]
[EventDate "2010.08.03"]

1. d4 Nf6 2. c4 e6 3. Nc3 Bb4 4. e3 c5 5. Nf3 Nc6 6. Bd3 Bxc3+ 7. bxc3 d6
8. O-O e5 9. Qc2 O-O 10. Nd2 Ne7 11. d5 h6 12. Rb1 Rb8 13. f4 exf4 14. exf4
Kh8 15. Nf3 Bd7 16. f5 b5 17. cxb5 Nexd5 18. Bd2 Ng4 19. Rbe1 Qb6 20. c4
Nb4 21. Qb1 d5 22. h3 Nf6 23. Ne5 Rbd8 24. a4 Nxd3 25. Qxd3 dxc4 26. Qc2 a6
27. Nxc4 Qb7 28. Ba5 Ra8 29. b6 Qc6 30. Ra1 Rfe8 31. Bc3 Re7 32. Rfe1 Rxe1+
33. Rxe1 Rd8 34. Ne5 1-0

[Event "49th WJun"]
[Site "Chotowa POL"]
[Date "2010.08.03"]
[Round "1"]
[White "Kriebel,T"]
[Black "Diamant,A"]
[Result "1/2-1/2"]
[WhiteElo "2320"]
[BlackElo "2518"]
[EventDate "2010.08.03"]

1. e4 c5 2. Nf3 e6 3. d4 cxd4 4. Nxd4 Nc6 5. Nc3 Qc7 6. Be2 a6 7. Be3 Nf6
8. a3 Be7 9. f4 d6 10. Qd2 O-O 11. O-O-O Nxd4 12. Bxd4 b5 13. Bxf6 gxf6 14.
f5 Kh8 15. Qh6 Rg8 16. Rd3 Bb7 17. Rh3 Rg7 18. Rf1 Qd8 19. Rf4 Qg8 20. Rfh4
Rc8 21. Bd3 Rc5 22. Kb1 Re5 23. g4 a5 24. Bxb5 Bxe4 25. Nxe4 Rxe4 26. Bd3
Rexg4 27. Rxg4 Rxg4 28. fxe6 Rg7 29. exf7 Qxf7 1/2-1/2

[Event "49th WJun"]
[Site "Chotowa POL"]
[Date "2010.08.03"]
[Round "1"]
[White "Sethuraman,S"]
[Black "Thavandiran,S"]
[Result "1/2-1/2"]
[WhiteElo "2513"]
[BlackElo "2318"]
[EventDate "2010.08.03"]

1. d4 e6 2. c4 Bb4+ 3. Nc3 c5 4. Nf3 Nf6 5. e3 Ne4 6. Qc2 Qa5 7. Qxe4 Bxc3+
8. Nd2 Bb4 9. d5 Qc7 10. a3 f5 11. Qh4 Bxd2+ 12. Bxd2 d6 13. dxe6 Bxe6 14.
Bc3 Nc6 15. O-O-O O-O 16. g4 fxg4 17. h3 Qd8 18. Qg3 Rf3 19. Qxd6 Qxd6 20.
Rxd6 Rxf2 21. Rxe6 Raf8 22. Bd3 g3 23. Rd1 g2 24. Be4 Rd8 25. Bxg2 Rxd1+
26. Kxd1 Rxg2 27. Rd6 Rf2 28. Rd5 Rf3 29. Ke2 Rxh3 30. Rd7 Rg3 31. Rxb7 h5
32. Rc7 Rg6 33. Be1 a5 34. a4 Kh7 35. b3 Kh6 36. Bc3 h4 37. Bxg7+ Kh5 38.
Kf3 h3 39. Bb2 h2 40. Rh7+ Rh6 41. Rxh6+ Kxh6 42. Kg2 Kg5 43. Ba3 Kf5 44.
Bxc5 Ke4 45. Kxh2 Kd3 46. Kg3 Kc3 47. Kf4 Kxb3 48. Ke4 Kxc4 49. Bd6 Nb4 50.
Kf5 Nd3 51. Ke4 Nb2 52. Bc7 1/2-1/2

[Event "49th WJun"]
[Site "Chotowa POL"]
[Date "2010.08.03"]
[Round "1"]
[White "Wieczorek,O"]
[Black "Tomczak,J"]
[Result "0-1"]
[WhiteElo "2316"]
[BlackElo "2509"]
[EventDate "2010.08.03"]

1. e4 c6 2. d4 d5 3. e5 c5 4. Nf3 Nc6 5. dxc5 e6 6. Be3 Nge7 7. c3 Nf5 8.
Bd4 Bd7 9. Bd3 Nfxd4 10. cxd4 b6 11. O-O bxc5 12. dxc5 Bxc5 13. Nbd2 Qb6
14. Nb3 Be7 15. Rc1 O-O 16. Bb1 Rab8 17. Re1 a5 18. Re2 g6 19. Nbd4 Nxd4
20. Qxd4 Qxd4 21. Nxd4 Bg5 22. Rc7 Rfc8 23. Rxc8+ Rxc8 24. Rc2 Rxc2 25.
Bxc2 Bc1 26. b3 Bb2 27. Nf3 Bb5 28. Bd1 Bc3 29. g4 Bd3 30. a3 Bb2 31. a4
Bc3 32. Kg2 h6 33. h4 Kf8 34. g5 h5 35. Kg3 Bb1 36. Kf4 d4 37. Nh2 d3 38.
Nf1 Bc2 39. Ne3 Bd2 40. Bf3 Bxb3 41. Ke4 Bc2 42. Nd1 Be1 43. Ke3 Bxa4 44.
Nb2 Bb5 45. Nxd3 Bxd3 46. Kxd3 Bxf2 47. Ke4 Bxh4 48. Kf4 Be1 49. Bc6 Bd2+
0-1

[Event "49th WJun"]
[Site "Chotowa POL"]
[Date "2010.08.03"]
[Round "1"]
[White "Grandelius,N"]
[Black "Schiendorfer,E"]
[Result "0-1"]
[WhiteElo "2505"]
[BlackElo "2305"]
[EventDate "2010.08.03"]

1. Nf3 Nf6 2. c4 e6 3. d4 d5 4. Nc3 Be7 5. Qc2 O-O 6. Bg5 Nbd7 7. Rd1 h6 8.
Bh4 b6 9. cxd5 exd5 10. e3 Bb7 11. Bd3 c5 12. O-O c4 13. Bf5 Ne8 14. Bxe7
Qxe7 15. e4 dxe4 16. Bxe4 Ndf6 17. Bxb7 Qxb7 18. Rfe1 Nd6 19. d5 b5 20. Qd2
b4 21. Ne2 Rac8 22. Ne5 Rfe8 23. Nc6 c3 24. bxc3 Nde4 25. Qd4 Nxc3 26. Qxa7
Qxa7 27. Nxa7 Ra8 28. Nxc3 Rxe1+ 29. Rxe1 bxc3 30. Nb5 Nxd5 31. g3 Rxa2 32.
Re8+ Kh7 33. Rc8 c2 34. Kg2 Ne3+ 35. Kf3 Ra1 36. Kxe3 c1=Q+ 37. Rxc1 Rxc1
38. h4 Kg6 39. Nd4 Rc3+ 40. Ke2 Kf6 41. Kf1 Ke5 42. Ne2 Rc2 43. Nf4 Ke4 44.
Kg2 Rd2 45. Nh5 g5 46. hxg5 hxg5 47. Nf6+ Kf5 48. Nh5 Rd6 49. f3 g4 50. Kf2
Ra6 51. Nf4 Ra2+ 52. Ne2 f6 53. fxg4+ Kxg4 54. Ke3 Rxe2+ 55. Kxe2 Kxg3 56.
Ke3 f5 57. Ke2 0-1

[Event "49th WJun"]
[Site "Chotowa POL"]
[Date "2010.08.03"]
[Round "1"]
[White "Botta,Ga"]
[Black "Martinovic,Sa"]
[Result "1/2-1/2"]
[WhiteElo "2302"]
[BlackElo "2505"]
[EventDate "2010.08.03"]

1. e4 c5 2. Nf3 Nc6 3. d4 cxd4 4. Nxd4 Nf6 5. Nc3 d6 6. Bg5 e6 7. Qd2 a6 8.
O-O-O Bd7 9. Bxf6 Qxf6 10. Kb1 Nxd4 11. Qxd4 Qxd4 12. Rxd4 Be7 13. Be2 Bc6
14. f3 O-O 15. Rhd1 b5 16. f4 Rab8 17. Bf3 Rfc8 18. Ne2 g6 19. R4d3 b4 20.
Nd4 Ba8 21. Ne2 Rc4 22. Rd4 Rc7 23. e5 Bxf3 24. gxf3 d5 25. R4d3 a5 26. Rc1
a4 27. Rd4 Rcb7 28. b3 Ra8 29. Rd2 Rba7 30. Re1 Kg7 31. Nc1 h6 32. Nd3 Kh7
33. Rg1 Rc8 34. Nb2 Rc3 35. Rf1 axb3 36. cxb3 Rac7 37. Nd3 g5 38. fxg5 hxg5
39. Rg1 f6 40. f4 gxf4 41. exf6 Bxf6 42. Nxf4 Re3 43. Rxd5 exd5 44. Nxd5
Re2 45. Nxc7 Rb2+ 1/2-1/2

[Event "49th WJun"]
[Site "Chotowa POL"]
[Date "2010.08.03"]
[Round "1"]
[White "Stupak,K"]
[Black "Posedaru,B"]
[Result "1-0"]
[WhiteElo "2504"]
[BlackElo "2294"]
[EventDate "2010.08.03"]

1. d4 d5 2. Nf3 c6 3. c4 e6 4. Nc3 dxc4 5. a4 Bb4 6. g3 Nf6 7. Bg2 Nbd7 8.
O-O O-O 9. Qc2 a5 10. e4 Re8 11. h3 c5 12. e5 cxd4 13. exf6 d3 14. Qb1 Nxf6
15. Qa2 e5 16. Qxc4 e4 17. Ng5 d2 18. Qxf7+ Kh8 19. Qc4 Re7 20. Bxd2 Qxd2
21. Nf7+ Kg8 22. Nxe4 Nxe4 23. Nh6+ 1-0

[Event "49th WJun"]
[Site "Chotowa POL"]
[Date "2010.08.03"]
[Round "1"]
[White "Barski,R"]
[Black "Lalith,B"]
[Result "0-1"]
[WhiteElo "2290"]
[BlackElo "2502"]
[EventDate "2010.08.03"]

1. e4 c6 2. d4 d5 3. Nc3 dxe4 4. Nxe4 Bf5 5. Ng3 Bg6 6. Bc4 Nd7 7. N1e2
Ngf6 8. O-O Nb6 9. Bb3 e6 10. Nf4 Bd6 11. h4 Qc7 12. Qf3 Nbd5 13. Nfh5 Nxh5
14. Nxh5 O-O 15. c4 Nb4 16. Nxg7 Kxg7 17. h5 Bf5 18. g4 Kh8 19. gxf5 Rg8+
20. Kh1 exf5 21. Bd2 Qe7 22. Qh3 Rg4 23. Bc3 Rh4 24. d5+ Kg8 0-1

[Event "49th WJun"]
[Site "Chotowa POL"]
[Date "2010.08.03"]
[Round "1"]
[White "Larmuseau,Ma"]
[Black "Piorun,K"]
[Result "1-0"]
[WhiteElo "2277"]
[BlackElo "2499"]
[EventDate "2010.08.03"]

1. e4 g6 2. d4 Bg7 3. Nc3 c6 4. Be3 d5 5. e5 Qb6 6. Na4 Qc7 7. Qd2 Nd7 8.
h4 f6 9. f4 h5 10. Bd3 Nf8 11. Nf3 Nh6 12. O-O-O Bf5 13. Nc5 Bxd3 14. Qxd3
Nf5 15. Kb1 a5 16. Rde1 a4 17. exf6 exf6 18. Bc1+ Kf7 19. g4 hxg4 20. h5
Ne7 21. hxg6+ Nexg6 22. Rxh8 Nxh8 23. Nh4 b6 24. Na6 Qd7 25. Nf5 Nhg6 26.
Nxg7 Kxg7 27. f5 Rxa6 28. Qxa6 Qxf5 29. Qb7+ Qd7 30. Qxb6 f5 31. Qb8 Nh7
32. Rh1 Kf6 33. Qg8 Nhf8 34. Rh5 Ne6 35. Rh7 Qxh7 36. Qxh7 f4 37. Qh5 g3
38. Qg4 1-0

[Event "49th WJun"]
[Site "Chotowa POL"]
[Date "2010.08.03"]
[Round "1"]
[White "Simonian,H"]
[Black "Soors,S"]
[Result "1-0"]
[WhiteElo "2494"]
[BlackElo "2259"]
[EventDate "2010.08.03"]

1. e4 e6 2. d4 d5 3. Nc3 Bb4 4. e5 c5 5. Bd2 Ne7 6. Nce2 Bxd2+ 7. Qxd2 cxd4
8. f4 Nf5 9. Nf3 Qb6 10. O-O-O Ne3 11. Re1 Nc4 12. Qxd4 Qa5 13. a3 Na6 14.
Qc3 Qc7 15. Ned4 Bd7 16. f5 O-O 17. f6 gxf6 18. Bxc4 dxc4 19. Qe3 c3 20.
exf6 cxb2+ 21. Kb1 Kh8 22. Qh6 Rg8 23. Ne5 Ba4 24. Re3 Bxc2+ 25. Nxc2 Rxg2
26. Nd4 Rc8 27. Rh3 Qc1+ 28. Rxc1 bxc1=Q+ 29. Qxc1 Rxc1+ 30. Kxc1 Kg8 31.
Rc3 h5 32. Rc8+ Kh7 33. Nxf7 1-0

[Event "49th WJun"]
[Site "Chotowa POL"]
[Date "2010.08.03"]
[Round "1"]
[White "Ivanov,StojanL"]
[Black "Swiercz,D"]
[Result "0-1"]
[WhiteElo "2223"]
[BlackElo "2492"]
[EventDate "2010.08.03"]

1. e4 c5 2. Nf3 e6 3. d4 cxd4 4. Nxd4 a6 5. c4 Nf6 6. Nc3 Qc7 7. Bd3 Nc6 8.
Nxc6 dxc6 9. O-O e5 10. Qf3 Be7 11. h3 Be6 12. b3 O-O 13. Ne2 Rfd8 14. Ng3
a5 15. a4 Nd7 16. Nf5 Bxf5 17. Qxf5 Nc5 18. Bc2 g6 19. Qg4 Ne6 20. Be3 Bc5
21. Bg5 Nxg5 22. Qxg5 Kg7 23. Rad1 Bd4 24. Kh1 h6 25. Qg4 Qe7 26. g3 h5 27.
Qe2 h4 28. Qg4 Rh8 29. Kg2 Rh5 30. Qf3 Rd8 31. Qe2 Rd6 32. Rd3 Rd8 33. Rf3
Rdh8 34. g4 R5h6 35. Rd3 Rd8 36. Rfd1 Rhh8 37. Qd2 b6 38. f4 c5 39. f5 gxf5
40. gxf5 Rdg8 41. Kh1 Kf8 42. Rf1 Qb7 43. Qe1 Rg5 44. Bd1 Rhg8 45. Qxh4 f6
46. Qh6+ Ke7 47. Bf3 Qa8 48. Qh7+ R8g7 49. Qh4 Qg8 50. Bg4 Rh7 51. Qxh7+
Qxh7 52. Kg2 Qh4 53. Rg3 Rg8 54. Rd1 Be3 55. Rxe3 Rxg4+ 56. hxg4 Qxg4+ 57.
Kf2 Qxd1 58. Kg3 Qg1+ 59. Kf3 Qf1+ 0-1

[Event "49th WJun"]
[Site "Chotowa POL"]
[Date "2010.08.03"]
[Round "1"]
[White "Cori,J"]
[Black "Smola,M"]
[Result "1-0"]
[WhiteElo "2486"]
[BlackElo "2220"]
[EventDate "2010.08.03"]

1. d4 Nf6 2. Nf3 g6 3. c4 Bg7 4. Nc3 O-O 5. g3 d6 6. Bg2 Nbd7 7. O-O e5 8.
h3 exd4 9. Nxd4 c6 10. e4 a5 11. Re1 Re8 12. b3 Nc5 13. Bb2 Nfd7 14. Bf1
Ne5 15. Nc2 Bxh3 16. Bxh3 Ned3 17. Qd2 Nxb2 18. Re3 Qf6 19. Bf1 Nbd3 20.
Bxd3 Qxc3 21. Qxc3 Bxc3 22. Rd1 Rad8 23. Bf1 Bf6 24. Bg2 Re6 25. a3 Bg5 26.
f4 Bf6 27. Kf2 Rde8 28. Rde1 h5 29. Kf3 g5 30. b4 axb4 31. axb4 Na4 32. Rh1
Nc3 33. Rhe1 Na4 34. Rh1 Nc3 35. Rhe1 Na4 36. Rh1 h4 37. Bh3 R6e7 38. gxh4
gxh4 39. Bf5 Rd8 40. Ra3 Nb2 41. Ne3 Bd4 42. Rb3 Kg7 43. Rxh4 Rh8 44. Rxh8
Kxh8 45. Nc2 Bf6 46. Na3 Re8 47. c5 dxc5 48. bxc5 Na4 49. Rxb7 Kg8 50. Rc7
Nxc5 51. Rxc6 Ne6 52. Kg4 Kg7 53. e5 Be7 54. Nb5 Rb8 55. Bxe6 Rxb5 56. Rc7
Kf8 57. Ba2 Ra5 58. Bb1 Bc5 59. f5 Bd4 60. Rc8+ Ke7 61. f6+ Ke6 62. Re8+
Kd5 63. Kf5 Ra1 64. Rd8+ Kc5 65. Rc8+ Kb5 66. Bd3+ Kb6 67. Ke4 Bg1 68. Bc4
Re1+ 69. Kf5 Bd4 70. Re8 Kc5 71. Bxf7 Rf1+ 72. Kg6 Rg1+ 73. Kh7 Re1 74. Bh5
Rxe5 75. f7 1-0

[Event "49th WJun"]
[Site "Chotowa POL"]
[Date "2010.08.03"]
[Round "1"]
[White "Can,E"]
[Black "Pagerka,M"]
[Result "1/2-1/2"]
[WhiteElo "2477"]
[BlackElo "2215"]
[EventDate "2010.08.03"]

1. e4 e5 2. Nf3 Nf6 3. d4 Nxe4 4. Bd3 d5 5. Nxe5 Nd7 6. Nxd7 Bxd7 7. O-O
Bd6 8. Qh5 Qf6 9. Nc3 Qxd4 10. Be3 Qe5 11. Qxe5+ Bxe5 12. Nxd5 Nf6 13. Rae1
Nxd5 14. Bd2 O-O-O 15. Rxe5 Bc6 16. Rfe1 g6 17. f3 f6 18. Re6 Rhe8 19. Rxe8
Rxe8 20. Rxe8+ Bxe8 21. c4 Nb6 22. Bc3 Nd7 23. Kf2 Bf7 24. b3 c5 25. h4 Kc7
26. Ke3 Kd6 27. g4 b6 28. Be4 Be6 29. Kf4 Ke7 30. Bc6 h6 31. Ke4 Nb8 32.
Bb7 Nd7 33. Bc6 Nb8 34. Bd5 Nd7 35. a3 f5+ 36. gxf5 Bxf5+ 37. Kf4 Nf6 38.
Bc6 Bc2 39. Ba4 Ke6 40. Ke3 Nh5 41. Be1 Bd1 42. Be8 Bc2 43. b4 Nf6 44. Bc6
Kd6 45. b5 Nh5 46. Bc3 g5 47. hxg5 hxg5 48. Be8 Nf4 49. Bf6 Bb3 50. Bf7 Ne6
51. Kd3 Bd1 52. Bxe6 1/2-1/2

[Event "49th WJun"]
[Site "Chotowa POL"]
[Date "2010.08.03"]
[Round "1"]
[White "Zysko,J"]
[Black "Recuero Guerra,D"]
[Result "0-1"]
[WhiteElo "2210"]
[BlackElo "2470"]
[EventDate "2010.08.03"]

1. e4 e5 2. Nf3 d6 3. d4 exd4 4. Nxd4 Nf6 5. Nc3 Be7 6. Bf4 O-O 7. Qd2 d5
8. exd5 Nxd5 9. Nxd5 Qxd5 10. Nb5 Re8 11. Be2 Bb4 12. Qxb4 Nc6 13. Qb3 Qxg2
14. O-O-O Rxe2 15. Rhg1 Qe4 16. Bh6 Bf5 17. Na3 Nd4 18. Rxd4 Qxd4 19. Rxg7+
Kh8 20. Rg1 Bg6 21. Re1 0-1

[Event "49th WJun"]
[Site "Chotowa POL"]
[Date "2010.08.03"]
[Round "1"]
[White "Salem,AR"]
[Black "Stoyko,M"]
[Result "1-0"]
[WhiteElo "2469"]
[BlackElo "2206"]
[EventDate "2010.08.03"]

1. d4 d5 2. c4 c6 3. Nc3 dxc4 4. e4 b5 5. a4 b4 6. Nce2 e6 7. Ng3 Ba6 8.
Nf3 Nf6 9. Ne5 c5 10. Nxc4 Qxd4 11. Qc2 Ng4 12. Be3 Qf6 13. e5 Nxe3 14.
fxe3 Qh6 15. Qe4 1-0